01693cam a2200409 a 4500999001900000001000800019003000500027005001700032008004100049010001700090020001800107040002500125043001200150050002200162082001500184100003400199245011700233260006100350300002100411490002900432650001900461650002200480650002400502650002600526650002600552651002200578655003700600655002700637700004700664856008900711856010400800856007900904906004500983942001201028952012601040952011701166 c174557d1745571072789Nust20170131160952.0910503r1991 nyua 000 1 eng  a 91052995  a9780140623192 aDLCcDLCdOCoLCdDLC ae-uk-en00aPR4558b.A1 1991b00a823.8bDIC1 aDickens, Charles,d1812-1870.10aDavid Copperfield /cCharles Dickens ; with the original illustrations by "Phiz" ; introduced by Michael Slater. aNew York :bKnopf :bDistributed by Random House,c1994. a716 p. :c22 cm.0 aEveryman's library ;v31 0aBoysvFiction. 0aOrphansvFiction. 0aYoung menvFiction. 0aStepfathersvFiction. 0aChild laborvFiction. 0aEnglandvFiction. 7aAutobiographical fiction.2gsafd 7aBildungsromans.2gsafd1 aBrowne, Hablot Knight,d1815-1882,eillus.423Publisher descriptionuhttp://www.loc.gov/catdir/description/random048/91052995.html423Contributor biographical informationuhttp://www.loc.gov/catdir/enhancements/fy0703/91052995-b.html413Sample textuhttp://www.loc.gov/catdir/enhancements/fy0703/91052995-s.html a7bcbccorignewd1eocipf19gy-gencatlg 2ddccBK 00102ddc40708FICaCLbCLcFICd2017-01-31l1o823.8 DICpCL845q2018-12-23r2018-11-23s2018-11-23t1w2017-01-31yBK 00102ddc40708FICaCLbCLcFICd2017-02-01l8m9o823.8 DICpCL670r2025-08-27s2023-10-31t2w2017-02-01yBK